1632 1497 1796 1425 1113 1644 1891 1525 1109 1849 1124 1224 1704 1088 1344 1911 1783 1182 1302 1221 1503 1627 1333 1695 1206 1071 1819 1770 1885 1927 1155 1204 1244 1516 1995 1963 1603 1891 1741 1379 1128 1277 1746 1469 1906 1859 1232 2000 1450 1022 1254 1941 1573 1793 1417 1260 1621 1493 1586 1998 1358 1553 1920 1066 1069 1814 1073 1180 1586 1961 1144 1549 1759 1133 1004 1836 1988 1954 1943 1277 1108 1336 1845 1829 1491 1434 1009 1401 1025 1113 1666 1393 1338 1560 1365 1294 1928 1656 1147 BCNSPRNW ULIB Ver.6.0+V

เปลี่ยนเป็นภาษาไทย

Change to English
 แสดงรายละเอียดบรรณานุกรม
  กลับหน้าหลัก

Brief Record : Get Marc (ISO 2709) : E-mail record : QR code < ปิดหน้าต่าง
LEADER : 00000nam 2200000uu 4500
001    13399123653
003     ULIB
008    141103s2556||||th 000 0 tha d
020    ^a9786163353061
060  4 ^aWC505^bป418ร
100    ^aประเสริฐ ทองเจริญ
245    ^aระบาดบันลือโลก 21 : โคโรน่าไวรัส /^cประเสริฐ ทองเจริญ
246 0  World-Sharking Outbreak
250    ^aพิมพ์ครั้งที่ 1
260    ^aกรุงเทพฯ :^bอักษรสมัย(๑๙๙๙),^c2556
300    ^a174หน้า;^b18.5 ซม.
650    ^aโคโรน่าไวรัส
650    ^aโรคซาร์ส
945    ^p160^l0^i036512
945    ^p160^l0^i036513
945    ^p160^l0^i036514
945    ^p160^l0^i036515
945    ^p160^l0^i036516
999    ^aเกษร โพธิ์สุวรรณ
รายการนี้ยังไม่มีแท็ก
คุณยังไม่ได้ล็อกอิน คุณสามารถมีกิจกรรมร่วมกับเว็บไซต์ได้ แต่ต้องล็อกอินก่อน ::
  ล็อกอิน

รายการสื่อสารสนเทศ

ลำดับที่ ประเภท เลขเรียก/บาร์โค้ด สถานที่ สถานะ
1. วิทยาศาสตร์การแพทย์ และสุขภาพ
หนังสือสำรอง
สถานะ=หนังสือสำรอง
WC505 ป418ร ฉ.1 
  Barcode: 036512
ห้องสมุดวิทยาเขตสวรรค์ประชารักษ์
►ส่วนจัดเก็บหนังสือเก่า สปร
บนชั้น
  ขอยืม
2. วิทยาศาสตร์การแพทย์ และสุขภาพ
วิทยาศาสตร์การแพทย์ และสุขภาพ
WC505 ป418ร ฉ.2 
  Barcode: 036513
ห้องสมุดวิทยาเขตสวรรค์ประชารักษ์
►ส่วนจัดเก็บหนังสือเก่า สปร
บนชั้น
  ขอยืม
3. วิทยาศาสตร์การแพทย์ และสุขภาพ
วิทยาศาสตร์การแพทย์ และสุขภาพ
WC505 ป418ร ฉ.3 
  Barcode: 036514
ห้องสมุดวิทยาเขตสวรรค์ประชารักษ์
►ส่วนจัดเก็บหนังสือเก่า สปร
บนชั้น
  ขอยืม
4. วิทยาศาสตร์การแพทย์ และสุขภาพ
วิทยาศาสตร์การแพทย์ และสุขภาพ
WC505 ป418ร ฉ.4 
  Barcode: 036515
ห้องสมุดวิทยาเขตสวรรค์ประชารักษ์
►ส่วนจัดเก็บหนังสือเก่า สปร
บนชั้น
  ขอยืม
5. วิทยาศาสตร์การแพทย์ และสุขภาพ
วิทยาศาสตร์การแพทย์ และสุขภาพ
WC505 ป418ร ฉ.5 
  Barcode: 036516
ห้องสมุดวิทยาเขตสวรรค์ประชารักษ์
►ส่วนจัดเก็บหนังสือเก่า สปร
บนชั้น
  ขอยืม

รายการใกล้เคียง
    ผู้แต่ง [ประเสริฐ ทองเจริญ]

    หัวเรื่อง [โคโรน่าไวรัส]
    หัวเรื่อง [โรคซาร์ส]

BibComment


ยังไม่เคยถูกคอมเมนท์

คอมเมนท์ทรัพยากรรายการนี้
  คอมเมนท์: ระบาดบันลือโลก 2..


 Copyright 2026. Bcnsprnw @Library